000 00643nam a2200241Ia 4500
003 OSt
005 20220918201239.0
006 a|||||r|||| 00| 0
007 ta
008 220917b |||||||| |||| 00| 0 eng d
024 _a92,605
037 _cTextual
040 _aARTS
_cARTS
_beng
041 _2eng
_aeng
082 _aV1,4:g, L6
100 _aLawson K
_997657
245 0 _aComparative study of political parties
260 _aN York
_bSt Martin press
_c1976
300 _axiii, 261p.
_ccm.
650 _aPOLITICAL PARTIES; HISTORY
_997658
942 _hV1,4:g, L6
_cTEXL
_2CC
999 _c216256
_d216256